| 000 | 00397nam a2200145 4500 | ||
|---|---|---|---|
| 005 | 20251027111639.0 | ||
| 008 | 251027b |||||||| |||| 00| 0 eng d | ||
| 020 | _a9781538772744 | ||
| 082 | _aDFic Sp263 2015 | ||
| 100 |
_aSparks, Nicholas. _968981 |
||
| 245 |
_aSee me / _cNicholas Sparks. |
||
| 260 |
_aNew York : _bGrand Central, _c©2015. |
||
| 300 |
_a486 pages ; _c20 cm. |
||
| 942 |
_2ddc _cDFC |
||
| 999 |
_c24102 _d24102 |
||